The family blessing / (Record no. 4934)

MARC details
000 -LEADER
fixed length control field 00851cam a2200265 a 4500
001 - CONTROL NUMBER
control field 3889192
003 - CONTROL NUMBER IDENTIFIER
control field GBCCL
005 - DATE AND TIME OF LATEST TRANSACTION
control field 20241126110530.0
008 - FIXED-LENGTH DATA ELEMENTS--GENERAL INFORMATION
fixed length control field 900403s1990 txu b 000 0 eng
010 ## -
-- 90035770
020 ## - INTERNATIONAL STANDARD BOOK NUMBER
International Standard Book Number 0849907810
040 ## - CATALOGING SOURCE
Original cataloging agency DLC
Transcribing agency DLC
Modifying agency DLC
050 00 -
-- BV4526.2
-- .G37 1990
082 00 - DEWEY DECIMAL CLASSIFICATION NUMBER
Classification number 249
Edition information 20
Item number GAR
100 1# - MAIN ENTRY--PERSONAL NAME
Personal name Garborg, Rolf,
Dates associated with a name 1943-
9 (RLIN) 8958
245 14 - TITLE STATEMENT
Title The family blessing /
Statement of responsibility, etc. Rolf Garborg.
260 ## - PUBLICATION, DISTRIBUTION, ETC.
Place of publication, distribution, etc. Dallas :
Name of publisher, distributor, etc. Word Pub.,
Date of publication, distribution, etc. c1990.
300 ## - PHYSICAL DESCRIPTION
Extent xii, 154 p. ;
Dimensions 23 cm.
504 ## - BIBLIOGRAPHY, ETC. NOTE
Bibliography, etc. note Includes bibliographical references (p. 153-154).
650 #0 - SUBJECT ADDED ENTRY--TOPICAL TERM
Topical term or geographic name entry element Families
General subdivision Religious life.
9 (RLIN) 1360
650 #0 - SUBJECT ADDED ENTRY--TOPICAL TERM
Topical term or geographic name entry element Benediction.
9 (RLIN) 8959
906 ## - LOCAL DATA ELEMENT F, LDF (RLIN)
a 7
b cbc
c orignew
d 1
e ocip
f 19
g y-gencatlg
942 ## - ADDED ENTRY ELEMENTS (KOHA)
Source of classification or shelving scheme Dewey Decimal Classification
Koha item type Books
Koha issues (borrowed), all copies 6
Holdings
Withdrawn status Lost status Source of classification or shelving scheme Damaged status Not for loan Home library Current Library Shelving location Date acquired Total checkouts Full call number Barcode Date last seen Date last checked out Copy number Price effective from Koha item type
    Dewey Decimal Classification     GRACE BIBLE COLLEGE GRACE BIBLE COLLEGE Ministry & Mission 2018-02-15 6 249 GAR 008231 2018-10-04 2018-09-25 c.1 2018-02-15 Books
© Grace Bible College Library 2025